| 000 | 00746nas a2200241 4500 | ||
|---|---|---|---|
| 001 | BR9207492 | ||
| 003 | BR-BrBNA | ||
| 005 | 20231205093009.0 | ||
| 007 | ta | ||
| 008 | 230509b bl.|||p| |||| 00| 00por d | ||
| 040 |
_aBR-BrBNA _bpor _cBiblioteca Nacional de Agricultura |
||
| 041 | _a(Pt) | ||
| 072 | _aL53 | ||
| 100 | 1 | _aLandim, C. da C. | |
| 100 | 1 | _aHofling, M.A. da C. | |
| 245 | 1 | _aAspectos da espermatogenese de tucunare, Cichla ocellaris Schneider, 1801 (Teleostei, cichlidae) | |
| 650 | _aTUCANARE | ||
| 650 | _aESPERMATOGENESE | ||
| 650 | _aESPERMATOZOIDE | ||
| 773 | 0 |
_tActa Amazonica (Brazil) _xISSN 0044-5967 _g(1986-1987), v. 16-17 p. 65-72 _wBR9207492 |
|
| 909 |
_a202311 _bLúcia _c55 _dLúcia Elande |
||
| 942 |
_2AGRIS _n0 _cANA |
||
| 999 |
_c135576 _d135576 |
||